[Event "V4 OPEN - International Championship of Slovakia 2
[Site "Banska Stiavnica"]
[Date "2013.07.10"]
[Round "5"]
[Board "60"]
[White "Sosovicka, Jakub"]
[Black "Kotlowski, Tomasz"]
[Result "0-1"]
[WhiteElo "1620"]
[BlackElo "2063"]
[PlyCount "92"]
[EventDate "2013.07.06"]
[EventRounds "9"]
[EventCountry "SVK"]

1. e4 g6 2. d4 Bg7 3. Nf3 d6 4. Bc4 Nf6 5. Qe2 O-O 6. O-O c5 7. c3 Nc6 8. Nbd2
cxd4 9. cxd4 Bg4 10. Qd3 d5 11. exd5 Nxd5 12. Re1 Nb6 13. d5 Nb4 14. Qb3 N4xd5
15. h3 Bxf3 16. Nxf3 e6 17. Bg5 Qd6 18. Rad1 Rfc8 19. Bd3 Qb4 20. Qxb4 Nxb4 21.
Be4 N4d5 22. Re2 Rc5 23. Nd4 h6 24. Be3 Nxe3 25. fxe3 Rd8 26. Red2 Nc4 27. Rc2
Nxe3 28. Rxc5 Nxd1 29. Nf3 Nxb2 30. Bxb7 Nd3 31. Ra5 Bf8 32. Bc6 Bc5+ 33. Kf1
Bb6 34. Ra4 Rc8 35. Be4 Rc1+ 36. Ke2 Nc5 37. Rb4 Nxe4 38. Rxe4 Rc2+ 39. Kd3
Rxg2 40. a4 Rg3 41. Ke2 Rxh3 42. Ne5 f5 43. Rc4 Re3+ 44. Kd2 Rxe5 45. Kc3 Rc5
46. Rxc5 Bxc5 0-1

[Event "V4 OPEN - International Championship of Slovakia 2
[Site "Banska Stiavnica"]
[Date "2013.07.10"]
[Round "5"]
[Board "61"]
[White "Laho, Maros"]
[Black "Pal, Csanad"]
[Result "1-0"]
[WhiteElo "2029"]
[BlackElo "1878"]
[PlyCount "65"]
[EventDate "2013.07.06"]
[EventRounds "9"]
[EventCountry "SVK"]

1. Nf3 Nf6 2. c4 e6 3. g3 d5 4. b3 g6 5. Bb2 Bg7 6. Bg2 O-O 7. d3 c5 8. O-O Nc6
9. e3 b6 10. Nc3 Bb7 11. a3 Qe7 12. Qe2 Rad8 13. Rab1 Rd7 14. Ne1 Rfd8 15. h3
Na5 16. Qc2 Ne8 17. cxd5 exd5 18. b4 cxb4 19. axb4 d4 20. bxa5 Bxg2 21. Kxg2
dxc3 22. Bxc3 Rc7 23. d4 bxa5 24. Qb2 Qe4+ 25. Kh2 Rdd7 26. Ra1 Nd6 27. Bxa5
Rb7 28. Qc2 Qd5 29. Nd3 Rb5 30. Nf4 Qg5 31. h4 Qh6 32. Qc6 Rbb7 33. Rfb1 1-0

[Event "V4 OPEN - International Championship of Slovakia 2
[Site "Banska Stiavnica"]
[Date "2013.07.10"]
[Round "5"]
[Board "62"]
[White "Jandl, Vojtech"]
[Black "Pereszlenyi, Gejza"]
[Result "1/2-1/2"]
[WhiteElo "1837"]
[BlackElo "2021"]
[PlyCount "53"]
[EventDate "2013.07.06"]
[EventRounds "9"]
[EventCountry "SVK"]

1. e4 c6 2. d4 d5 3. exd5 cxd5 4. Bd3 Nc6 5. c3 Nf6 6. Bf4 e6 7. Nf3 Nh5 8. Bg3
Nxg3 9. hxg3 h6 10. Qe2 Be7 11. Qe3 Bd7 12. g4 Qb6 13. b3 O-O-O 14. Nbd2 Bf6
15. Ke2 Rhe8 16. Rh5 e5 17. dxe5 Bxg4 18. Bf5+ Bxf5 19. Qxb6 axb6 20. Rxf5 Nxe5
21. Nxe5 Rxe5+ 22. Rxe5 Bxe5 23. Nf3 Bf6 24. Rd1 Kc7 25. Nd4 Re8+ 26. Kf3 Bxd4
27. Rxd4 1/2-1/2

[Event "V4 OPEN - International Championship of Slovakia 2
[Site "Banska Stiavnica"]
[Date "2013.07.10"]
[Round "5"]
[Board "63"]
[White "Holeczy, Martin"]
[Black "Horak, Miroslav"]
[Result "1-0"]
[WhiteElo "2015"]
[BlackElo "1823"]
[PlyCount "31"]
[EventDate "2013.07.06"]
[EventRounds "9"]
[EventCountry "SVK"]

1. d4 Nf6 2. c4 g6 3. g3 d5 4. cxd5 Nxd5 5. Bg2 Bg7 6. Nf3 Nc6 7. O-O Nb6 8. e3
Bg4 9. h3 Bd7 10. Nc3 e6 11. Qe2 O-O 12. Rd1 Qe7 13. a4 Na5 14. b3 Qb4 15. Qd3
Qxb3 16. Nd2 1-0

[Event "V4 OPEN - International Championship of Slovakia 2
[Site "Banska Stiavnica"]
[Date "2013.07.10"]
[Round "5"]
[Board "65"]
[White "Novotny, Michal"]
[Black "Hipszki, Julius"]
[Result "0-1"]
[WhiteElo "1984"]
[BlackElo "1776"]
[PlyCount "116"]
[EventDate "2013.07.06"]
[EventRounds "9"]
[EventCountry "SVK"]

1. e4 e5 2. Nf3 Nc6 3. Bc4 Bc5 4. c3 Nf6 5. O-O O-O 6. d4 exd4 7. cxd4 Bb6 8.
Nc3 d6 9. Bg5 Bg4 10. Be3 Nxe4 11. Bd5 Nf6 12. h3 Nxd5 13. Nxd5 Bxf3 14. gxf3
Bxd4 15. Kh2 Bxe3 16. fxe3 Ne7 17. Rg1 Nxd5 18. Qxd5 Qf6 19. Rg2 c6 20. Qh5 g6
21. f4 Rfe8 22. Qf3 d5 23. Rc1 Re4 24. Rc3 Rae8 25. f5 Qe5+ 26. Rg3 d4 27. exd4
Re2+ 28. Kh1 Qxd4 29. fxg6 Re1+ 30. Kh2 R8e2+ 31. Rg2 Qe5+ 32. Qg3 Rxg2+ 33.
Kxg2 Re2+ 34. Kf1 Qxg3 35. gxh7+ Kxh7 36. Rxg3 Rxb2 37. a3 a5 38. a4 Rb4 39.
Ra3 c5 40. Ke2 f5 41. Kd3 Kg6 42. Ra1 Kh5 43. Rf1 f4 44. Re1 Kh4 45. Re5 b6 46.
Re6 Kxh3 47. Rg6 Rxa4 48. Rxb6 Kg3 49. Rg6+ Kf2 50. Rc6 c4+ 51. Ke4 f3 52. Rf6
Ra3 53. Rh6 Ke2 54. Kd4 f2 55. Re6+ Kd1 56. Rf6 Ra2 57. Kxc4 Ke1 58. Kb3 Re2
0-1

[Event "V4 OPEN - International Championship of Slovakia 2
[Site "Banska Stiavnica"]
[Date "2013.07.10"]
[Round "5"]
[Board "66"]
[White "Nemergut, Patrik"]
[Black "Bango, Lukas"]
[Result "0-1"]
[WhiteElo "1976"]
[BlackElo "1757"]
[PlyCount "74"]
[EventDate "2013.07.06"]
[EventRounds "9"]
[EventCountry "SVK"]

1. e4 d6 2. d4 Nf6 3. Bd3 g6 4. Nf3 Bg7 5. c3 c6 6. h4 h5 7. Bg5 Bg4 8. Nbd2
Nbd7 9. Qc2 e5 10. O-O-O O-O 11. Rdg1 b5 12. Nh2 Be6 13. f4 exf4 14. Bxf4 Qc7
15. Ndf1 a5 16. Ne3 b4 17. g4 Rab8 18. c4 hxg4 19. d5 cxd5 20. exd5 b3 21. axb3
Nc5 22. dxe6 Nxb3+ 23. Kd1 Nd4 24. exf7+ Rxf7 25. Qb1 Nh5 26. Nd5 Qd7 27. Be3
Qa4+ 28. Ke1 Rxb2 29. Qd1 Qa2 30. Bd2 Rf2 31. Qxg4 Qa1+ 32. Kxf2 Rxd2+ 33. Ke3
Rxd3+ 34. Kxd3 Qa3+ 35. Ke4 Nf5 36. Nf3 Qb3 37. Qxg6 Qc2# 0-1

[Event "V4 OPEN - International Championship of Slovakia 2
[Site "Banska Stiavnica"]
[Date "2013.07.10"]
[Round "5"]
[Board "67"]
[White "Weis, Dusan"]
[Black "Hyll, Jan"]
[Result "1-0"]
[WhiteElo "1754"]
[BlackElo "1899"]
[PlyCount "83"]
[EventDate "2013.07.06"]
[EventRounds "9"]
[EventCountry "SVK"]

1. e4 d5 2. exd5 Nf6 3. c4 e6 4. dxe6 Bxe6 5. Nf3 Nc6 6. d4 Bb4+ 7. Nc3 Qe7 8.
Be2 Bxc4 9. Be3 Bxe2 10. Qxe2 O-O 11. O-O Rad8 12. Rad1 Nd5 13. Nxd5 Rxd5 14.
a3 Ba5 15. b4 Bb6 16. Qc4 Rfd8 17. Rfe1 Qd6 18. b5 Na5 19. Qa2 Rxb5 20. Ne5 Qd5
21. Qe2 Re8 22. Qg4 Re6 23. Bh6 g6 24. Qf4 f6 25. Ng4 f5 26. Nf6+ Rxf6 27. Re8+
Kf7 28. Rf8+ Ke7 29. Re1+ Re6 30. Qg5+ Kd7 31. Rd8+ Kc6 32. Rc1+ Nc4 33. Rxd5
Kxd5 34. Qd8+ Nd6 35. Qg8 Bxd4 36. Re1 Ne4 37. Be3 Bxe3 38. fxe3 c5 39. Rd1+
Ke5 40. Qg7+ Nf6 41. Qc7+ Ke4 42. Qf4# 1-0

[Event "V4 OPEN - International Championship of Slovakia 2
[Site "Banska Stiavnica"]
[Date "2013.07.10"]
[Round "5"]
[Board "68"]
[White "Paulicka, Ivan"]
[Black "Koval, Maros"]
[Result "0-1"]
[WhiteElo "1775"]
[BlackElo "2084"]
[PlyCount "94"]
[EventDate "2013.07.06"]
[EventRounds "9"]
[EventCountry "SVK"]

1. d4 d5 2. c4 c6 3. Nc3 e5 4. cxd5 cxd5 5. dxe5 d4 6. Ne4 Qa5+ 7. Bd2 Qxe5 8.
Ng3 Nc6 9. Nf3 Qd5 10. Qb3 Qxb3 11. axb3 Be6 12. b4 Bxb4 13. Bxb4 Nxb4 14. Nxd4
Rd8 15. O-O-O Nf6 16. f3 Rc8+ 17. Kd2 O-O 18. e3 Rfd8 19. Bd3 Nd7 20. Nxe6 fxe6
21. Ke2 Nc5 22. Bb1 Na4 23. Ne4 Nxb2 24. Rxd8+ Rxd8 25. Nc5 Nc4 26. f4 Rd2+ 27.
Kf3 Rb2 28. Bd3 Nxd3 29. Nxd3 Rb3 30. Rd1 a5 31. Ke4 b5 32. Kd4 a4 33. e4 Nb2
34. Nxb2 Rxb2 35. Ke5 a3 36. Kxe6 h6 37. Ra1 b4 38. Kd5 a2 39. e5 b3 40. Kc4
Rb1 41. e6 Rxa1 42. Kxb3 Rg1 43. Kxa2 Rxg2+ 44. Kb3 Rxh2 45. Kc4 Re2 46. f5 Kf8
47. Kc3 Rf2 0-1

[Event "V4 OPEN - International Championship of Slovakia 2
[Site "Banska Stiavnica"]
[Date "2013.07.10"]
[Round "5"]
[Board "69"]
[White "Harvan, Richard"]
[Black "Vitek, Matej"]
[Result "1-0"]
[WhiteElo "2054"]
[BlackElo "1771"]
[PlyCount "59"]
[EventDate "2013.07.06"]
[EventRounds "9"]
[EventCountry "SVK"]

1. e4 b6 2. d4 Bb7 3. Bd3 e6 4. Be3 Nf6 5. Nd2 c5 6. c3 Nc6 7. Ne2 d6 8. O-O
Be7 9. h3 O-O 10. f4 cxd4 11. cxd4 Nb4 12. Bb1 d5 13. a3 Na6 14. e5 Ne8 15. f5
exf5 16. Bxf5 g6 17. Bd3 Ng7 18. Nf4 Nc7 19. Nf3 Ba6 20. Bxa6 Nxa6 21. Qb3 Nc7
22. Rac1 Nge6 23. Nxe6 Nxe6 24. Rc6 Rc8 25. Rxc8 Qxc8 26. Qxd5 Rd8 27. Qe4 Qc4
28. Nd2 Qa4 29. Qf3 Rf8 30. d5 1-0

[Event "V4 OPEN - International Championship of Slovakia 2
[Site "Banska Stiavnica"]
[Date "2013.07.10"]
[Round "5"]
[Board "71"]
[White "Pipiska, Adam"]
[Black "Goga, Frantisek"]
[Result "1-0"]
[WhiteElo "1676"]
[BlackElo "1907"]
[PlyCount "127"]
[EventDate "2013.07.06"]
[EventRounds "9"]
[EventCountry "SVK"]

1. e4 c5 2. Nf3 d6 3. d4 cxd4 4. Nxd4 Nf6 5. Nc3 a6 6. Bc4 e6 7. Be3 Be7 8. Bb3
Nc6 9. Qe2 Bd7 10. O-O-O Na5 11. Rhg1 Nxb3+ 12. Nxb3 b5 13. f3 b4 14. Nb1 Bb5
15. Qe1 a5 16. Qg3 Nh5 17. Qf2 a4 18. Nd4 Bd7 19. e5 Qc7 20. g4 Nf4 21. Bxf4
dxe5 22. Bg3 Bc5 23. Qe1 f6 24. Rg2 Qa7 25. Bxe5 fxe5 26. Qxe5 O-O 27. Re2 Rae8
28. Re4 b3 29. axb3 a3 30. Nxa3 Bxa3 31. bxa3 Qxa3+ 32. Kd2 Rd8 33. Ke2 Qa6+
34. Ke3 Kh8 35. Nxe6 Bxe6 36. Rxd8 Rxd8 37. Qxe6 Qa7+ 38. Ke2 h6 39. Qe7 Qa6+
40. Rc4 Rd6 41. Qf8+ Kh7 42. Qf5+ g6 43. Qf7+ Kh8 44. Qf8+ Kh7 45. Qe7+ Kg8 46.
Kf2 Qb6+ 47. Kf1 Qa6 48. Kg2 Rd2+ 49. Kg3 Qd6+ 50. Qxd6 Rxd6 51. b4 Kf7 52. b5
Ke7 53. Rb4 Rb6 54. c4 Kd6 55. Kf4 Kc5 56. Ra4 Rf6+ 57. Kg3 h5 58. Ra6 h4+ 59.
Kxh4 Rxf3 60. Rc6+ Kd4 61. b6 Rb3 62. c5 Kd5 63. Rc7 Rb2 64. h3 1-0

[Event "V4 OPEN - International Championship of Slovakia 2
[Site "Banska Stiavnica"]
[Date "2013.07.10"]
[Round "5"]
[Board "72"]
[White "Uhrin, Milan"]
[Black "Medvec, Miroslav"]
[Result "0-1"]
[WhiteElo "1394"]
[BlackElo "1905"]
[PlyCount "54"]
[EventDate "2013.07.06"]
[EventRounds "9"]
[EventCountry "SVK"]

1. e4 e5 2. Nf3 Nc6 3. Bc4 Nf6 4. Ng5 d5 5. exd5 Na5 6. Bb5+ c6 7. dxc6 bxc6 8.
Qf3 Rb8 9. Bxc6+ Nxc6 10. Qxc6+ Nd7 11. d3 Be7 12. Ne4 O-O 13. Nbd2 Bb7 14. Qc3
f5 15. Qc4+ Kh8 16. Ng3 Bxg2 17. Rg1 Bh3 18. Qd5 Qc7 19. c3 Nf6 20. Qf3 Bc5 21.
Ndf1 e4 22. Nxe4 Nxe4 23. dxe4 fxe4 24. Qxh3 Bxf2+ 25. Kd2 Rf3 26. Ng3 Qd6+ 27.
Kc2 Qd3# 0-1

[Event "V4 OPEN - International Championship of Slovakia 2
[Site "Banska Stiavnica"]
[Date "2013.07.10"]
[Round "5"]
[Board "73"]
[White "Malinovsky, Jozef"]
[Black "Marczuk, Anna"]
[Result "1/2-1/2"]
[WhiteElo "1846"]
[BlackElo "1778"]
[PlyCount "100"]
[EventDate "2013.07.06"]
[EventRounds "9"]
[EventCountry "SVK"]

1. c4 Nf6 2. Nc3 g6 3. d4 Bg7 4. Nf3 d6 5. h3 O-O 6. e4 Nbd7 7. Be3 e5 8. Bd3
c6 9. Qd2 Re8 10. O-O a6 11. Rfc1 Rb8 12. Rab1 b5 13. b3 Bb7 14. dxe5 dxe5 15.
c5 Qe7 16. b4 Rbd8 17. Qe2 Nh5 18. Bc2 Nf4 19. Qf1 Nf8 20. Rd1 N4e6 21. Bd3 Rd7
22. Bc1 Red8 23. Bb2 Nf4 24. Bc2 N8e6 25. Rxd7 Rxd7 26. Ne2 Nxe2+ 27. Qxe2 Nf4
28. Qf1 Bc8 29. Rd1 Ra7 30. Rd6 Bd7 31. Qd1 f6 32. Bb3+ Kh8 33. Kh2 Bf8 34. Qa1
Bg7 35. Qd1 Bf8 36. Qa1 Bg7 37. Ng1 Rc7 38. a4 Ne6 39. axb5 axb5 40. Bxe6 Bxe6
41. Qd1 Rd7 42. Rxd7 Qxd7 43. Qxd7 Bxd7 44. Nf3 Kg8 45. g4 h6 46. Kg3 Kf7 47.
h4 g5 48. h5 Be6 49. Nd2 Ke7 50. f3 Kf7 1/2-1/2

[Event "V4 OPEN - International Championship of Slovakia 2
[Site "Banska Stiavnica"]
[Date "2013.07.10"]
[Round "5"]
[Board "74"]
[White "Sahidi, Samir"]
[Black "Karas, Juraj"]
[Result "0-1"]
[WhiteElo "1839"]
[BlackElo "1732"]
[PlyCount "164"]
[EventDate "2013.07.06"]
[EventRounds "9"]
[EventCountry "SVK"]

1. c4 Nf6 2. Nc3 g6 3. g3 Bg7 4. Bg2 O-O 5. Nf3 d6 6. O-O Nc6 7. d4 a6 8. d5
Nb8 9. Qc2 Nbd7 10. b3 Rb8 11. a4 Nc5 12. b4 Bf5 13. Qb2 Nfe4 14. Bd2 Nxd2 15.
Nxd2 Nd7 16. e4 Bg4 17. f3 Bd4+ 18. Kh1 Bh5 19. g4 Ne5 20. Qc2 Bxg4 21. fxg4
Nxg4 22. Nf3 Ne3 23. Qd3 Bxc3 24. Qxe3 Bxa1 25. Rxa1 e6 26. dxe6 fxe6 27. Nd4
Qf6 28. Rf1 Qe5 29. Re1 Rf6 30. b5 Qc5 31. Rb1 a5 32. Qd2 b6 33. Qd3 Rbf8 34.
Bh3 Qe5 35. Bxe6+ Rxe6 36. Nxe6 Qxe6 37. Qd5 Re8 38. Re1 Qxd5 39. cxd5 Kg7 40.
Rc1 Re7 41. e5 dxe5 42. Rc6 Rd7 43. Kg2 Rxd5 44. Rxc7+ Kf6 45. Rc6+ Kf5 46.
Rxb6 Rd4 47. Rb7 h5 48. Rf7+ Ke6 49. Rg7 Kf6 50. Ra7 Rxa4 51. Ra8 Ra3 52. Kf2
a4 53. b6 Rb3 54. Rb8 a3 55. b7 Kf7 56. Ra8 Rxb7 57. Rxa3 Kf6 58. Rf3+ Ke6 59.
Kg3 g5 60. Ra3 Rb4 61. Ra6+ Kf5 62. Ra3 h4+ 63. Kh3 Kf4 64. Rc3 Re4 65. Rc8
Re3+ 66. Kg2 Kg4 67. Rc4+ e4 68. Rc2 Rd3 69. Ra2 Rf3 70. Ra4 Kf4 71. Rb4 g4 72.
Ra4 h3+ 73. Kg1 Rd3 74. Ra1 e3 75. Rf1+ Ke4 76. Ra1 Rd2 77. Ra4+ Kf3 78. Ra1
Ke2 79. Rf1 Rd1 80. Rxd1 Kxd1 81. Kf1 e2+ 82. Kf2 e1=Q# 0-1

[Event "V4 OPEN - International Championship of Slovakia 2
[Site "Banska Stiavnica"]
[Date "2013.07.10"]
[Round "5"]
[Board "75"]
[White "Laho, Lukas"]
[Black "Kahancova, Jana"]
[Result "1-0"]
[WhiteElo "1835"]
[BlackElo "1636"]
[PlyCount "59"]
[EventDate "2013.07.06"]
[EventRounds "9"]
[EventCountry "SVK"]

1. d4 d5 2. Nf3 Nf6 3. c4 c6 4. Nc3 Bf5 5. e3 e6 6. Be2 Qc7 7. O-O Nbd7 8. Bd2
Be7 9. Rc1 O-O 10. a3 a5 11. Nh4 Bg6 12. Nxg6 fxg6 13. f3 Qb6 14. Na4 Qa7 15.
c5 e5 16. Qc2 Rae8 17. Rfe1 Bd8 18. b4 Re6 19. b5 cxb5 20. Bxb5 Rfe8 21. Qb3
R8e7 22. Nc3 exd4 23. exd4 Nxc5 24. dxc5 Qxc5+ 25. Kh1 Rxe1+ 26. Bxe1 Bb6 27.
Bg3 Re3 28. a4 Kf8 29. Qb2 Qd4 30. Bf2 1-0

[Event "V4 OPEN - International Championship of Slovakia 2
[Site "Banska Stiavnica"]
[Date "2013.07.10"]
[Round "5"]
[Board "76"]
[White "Grega, Jaroslav"]
[Black "Lecky, Juraj"]
[Result "0-1"]
[WhiteElo "1257"]
[BlackElo "1826"]
[PlyCount "58"]
[EventDate "2013.07.06"]
[EventRounds "9"]
[EventCountry "SVK"]

1. d4 Nf6 2. c4 c5 3. d5 b5 4. cxb5 a6 5. Nc3 d6 6. Bd2 axb5 7. e3 b4 8. Bb5+
Bd7 9. Bxd7+ Nbxd7 10. Nge2 bxc3 11. Bxc3 Ne4 12. O-O Nxc3 13. Nxc3 g6 14. f4
Bg7 15. f5 O-O 16. fxg6 fxg6 17. Rxf8+ Qxf8 18. Na4 Qf5 19. Rc1 Qe4 20. b3
Qxe3+ 21. Kh1 Ne5 22. Rc2 Nd3 23. Qe2 Qxe2 24. Rxe2 Kf7 25. Rd2 Ne5 26. h3 Rb8
27. Nb2 e6 28. dxe6+ Kxe6 29. Re2 d5 0-1

[Event "V4 OPEN - International Championship of Slovakia 2
[Site "Banska Stiavnica"]
[Date "2013.07.10"]
[Round "5"]
[Board "77"]
[White "Motuzova, Marta"]
[Black "Jancsy, Peter"]
[Result "1/2-1/2"]
[WhiteElo "1825"]
[BlackElo "1613"]
[PlyCount "73"]
[EventDate "2013.07.06"]
[EventRounds "9"]
[EventCountry "SVK"]

1. d4 d5 2. c4 dxc4 3. Nf3 Bg4 4. Ne5 Be6 5. e3 Nd7 6. Nxc4 Bxc4 7. Bxc4 Nb6 8.
Bb3 e6 9. Nd2 Nf6 10. O-O Bd6 11. e4 Bf4 12. e5 Nfd5 13. a3 h6 14. Nc4 Nxc4 15.
Bxc4 Bxc1 16. Rxc1 c6 17. Ba2 O-O 18. Bb1 Qg5 19. Qc2 g6 20. Qe4 Rad8 21. f4
Qe7 22. Rf3 Kh7 23. Rcf1 Rg8 24. g4 f6 25. exf6 Nxf6 26. Qc2 Rg7 27. h3 Rxd4
28. Qf2 Qd7 29. Qh4 Ne4 30. Bxe4 Rxe4 31. g5 h5 32. Qg3 Qd4+ 33. Qf2 Rd7 34.
Kg2 Qd2 35. Qxd2 Rxd2+ 36. R1f2 Ree2 37. b4 1/2-1/2

[Event "V4 OPEN - International Championship of Slovakia 2
[Site "Banska Stiavnica"]
[Date "2013.07.10"]
[Round "5"]
[Board "78"]
[White "Durica, Adam"]
[Black "Nasuta, Andrzej"]
[Result "0-1"]
[WhiteElo "1450"]
[BlackElo "1818"]
[PlyCount "120"]
[EventDate "2013.07.06"]
[EventRounds "9"]
[EventCountry "SVK"]

1. e4 e5 2. Nf3 Nc6 3. Bc4 Bc5 4. c3 d6 5. Bb3 Bg4 6. h3 Bh5 7. d3 h6 8. Nbd2
Nf6 9. O-O O-O 10. Nc4 Nd7 11. Be3 Qf6 12. g4 Bg6 13. Kh2 Qe7 14. g5 h5 15. Rg1
Kh7 16. Nh4 Nd8 17. Nf5 Qe8 18. Qf3 Ne6 19. Qg3 Rd8 20. Bd1 b5 21. Na5 d5 22.
Qh4 f6 23. gxf6 Rxf6 24. Nb7 Bxe3 25. Nxd8 Bf4+ 26. Kh1 Nxd8 27. Ng3 Bh6 28.
Bxh5 Qf8 29. Bxg6+ Rxg6 30. Nf5 Rxg1+ 31. Rxg1 Ne6 32. Qh5 Qf6 33. exd5 Ng5 34.
Nxh6 gxh6 35. Qg4 Nf8 36. h4 Nf3 37. Qe4+ Kh8 38. Rg4 h5 39. Rg3 Qxh4+ 40. Qxh4
Nxh4 41. Rg5 Nhg6 42. Rxh5+ Kg7 43. c4 a6 44. b3 Kf6 45. Rh3 Ke7 46. Kg1 Kd6
47. a3 Nf4 48. Rg3 Ne2+ 49. Kg2 Nxg3 50. fxg3 Kc5 51. Kf2 b4 52. axb4+ Kxb4 53.
Ke3 Kxb3 54. c5 a5 55. d6 cxd6 56. cxd6 a4 57. g4 a3 58. g5 a2 59. g6 a1=Q 60.
g7 Qg1+ 0-1

[Event "V4 OPEN - International Championship of Slovakia 2
[Site "Banska Stiavnica"]
[Date "2013.07.10"]
[Round "5"]
[Board "79"]
[White "Gonda, Jozef"]
[Black "Bango, Dominik"]
[Result "0-1"]
[WhiteElo "1808"]
[BlackElo "1337"]
[PlyCount "176"]
[EventDate "2013.07.06"]
[EventRounds "9"]
[EventCountry "SVK"]

1. d4 d6 2. Nf3 Nf6 3. Bg5 e6 4. e3 Be7 5. Bd3 h6 6. Bh4 O-O 7. O-O Nbd7 8. c3
b6 9. Nbd2 Bb7 10. Re1 Re8 11. e4 e5 12. Rc1 Rc8 13. Qa4 a5 14. h3 exd4 15.
cxd4 c5 16. Bb5 Rc7 17. e5 dxe5 18. Nxe5 Nxe5 19. Rxe5 Nd7 20. Bxd7 Rxd7 21.
Rxe7 Rexe7 22. Bxe7 Qxe7 23. Nf1 Rxd4 24. Qb3 Qg5 25. Ne3 Rb4 26. Qc3 Qf4 27.
b3 Qd4 28. Qe1 Qe4 29. Qf1 a4 30. Nc2 Rb5 31. Na3 Ra5 32. Nc4 Ba6 33. Qd1 Bxc4
34. Qd8+ Kh7 35. Rxc4 Qe1+ 36. Kh2 axb3 37. Qd3+ Kg8 38. axb3 Qxf2 39. Qd8+ Kh7
40. Qd3+ Kg8 41. Qd8+ Kh7 42. Qd3+ g6 43. Qf3 Qxf3 44. gxf3 Ra3 45. Rc3 Kg7 46.
Kg3 Kf6 47. Kf4 c4 48. Rxc4 Rxb3 49. h4 b5 50. Rc6+ Kg7 51. Rb6 Rb1 52. Ke3 b4
53. Rb5 b3 54. Kd2 Rb2+ 55. Kc1 Rc2+ 56. Kd1 Rc3 57. f4 Rh3 58. f5 Rxh4 59.
fxg6 fxg6 60. Rxb3 Kf6 61. Ke2 Rf4 62. Ke3 Rh4 63. Rb6+ Kf5 64. Kf3 Rf4+ 65.
Kg3 Re4 66. Rb5+ Re5 67. Rb8 Kg5 68. Rb4 Kh5 69. Rh4+ Kg5 70. Rg4+ Kf5 71. Rf4+
Ke6 72. Ra4 h5 73. Kf4 Rf5+ 74. Kg3 g5 75. Ra6+ Kf7 76. Rh6 h4+ 77. Kg4 Rf6 78.
Rh7+ Kg6 79. Rh8 Rf4+ 80. Kh3 Rf3+ 81. Kg2 Rg3+ 82. Kf2 Kf5 83. Ra8 Kg4 84.
Ra4+ Kh3 85. Ra1 Kh2 86. Ra5 g4 87. Rg5 Rg2+ 88. Kf1 h3 0-1

[Event "V4 OPEN - International Championship of Slovakia 2
[Site "Banska Stiavnica"]
[Date "2013.07.10"]
[Round "5"]
[Board "80"]
[White "Majsniar, Jan"]
[Black "Diviak, Rudolf"]
[Result "0-1"]
[WhiteElo "1309"]
[BlackElo "1799"]
[PlyCount "80"]
[EventDate "2013.07.06"]
[EventRounds "9"]
[EventCountry "SVK"]

1. d4 g6 2. c4 Bg7 3. Nc3 d6 4. e4 Nf6 5. h3 Nbd7 6. Nf3 O-O 7. Bd3 e5 8. d5
Ne8 9. b4 f5 10. Bg5 Ndf6 11. c5 Qe7 12. c6 b6 13. O-O Qf7 14. Rc1 f4 15. Bxf6
Nxf6 16. Nh2 g5 17. Be2 Qg6 18. Bf3 h5 19. Be2 Kf7 20. Nb5 g4 21. h4 Ne8 22.
Bd3 Ke7 23. g3 Bh6 24. Rc4 a6 25. Na3 Nf6 26. Re1 Nh7 27. Rc2 Qf6 28. Nb1 Rf7
29. Rf1 Nf8 30. Nc3 f3 31. Re1 Ng6 32. Nf1 Nxh4 33. Ne3 Bxe3 34. Rxe3 Ng2 35.
Re1 h4 36. Kh2 hxg3+ 37. fxg3 Qh8+ 38. Kg1 Rh7 39. Kf2 Rh2 40. Qc1 Ne3+ 0-1

[Event "V4 OPEN - International Championship of Slovakia 2
[Site "Banska Stiavnica"]
[Date "2013.07.10"]
[Round "5"]
[Board "81"]
[White "Laho, Matus"]
[Black "Feldvabl, Vilem"]
[Result "0-1"]
[WhiteElo "1221"]
[BlackElo "1794"]
[PlyCount "102"]
[EventDate "2013.07.06"]
[EventRounds "9"]
[EventCountry "SVK"]

1. e4 e5 2. Nf3 Nf6 3. Nc3 Nc6 4. Bc4 Be7 5. d4 exd4 6. Nxd4 Bb4 7. Nxc6 Bxc3+
8. bxc3 bxc6 9. f3 O-O 10. O-O d6 11. Bg5 h6 12. Bh4 Be6 13. Bd3 g5 14. Bf2 c5
15. c4 Nh5 16. g3 Ng7 17. Qe2 Rb8 18. Rab1 Qd7 19. g4 Qa4 20. Kg2 Rb6 21. c3
Rfb8 22. Rxb6 Rxb6 23. e5 Qc6 24. Rb1 d5 25. Rxb6 cxb6 26. cxd5 Bxd5 27. Be4
Bxe4 28. Qxe4 Qxe4 29. fxe4 Kf8 30. Bg3 Ne6 31. Kf3 c4 32. Ke3 Ke7 33. h4 Kd7
34. hxg5 hxg5 35. Be1 Kc6 36. Bd2 Kb5 37. Bc1 Ka4 38. Kf3 a5 39. Bxg5 Nxg5+ 40.
Kf4 Nh7 41. Kf5 b5 42. g5 b4 43. g6 fxg6+ 44. Kxg6 Nf8+ 45. Kf7 Ne6 46. Kxe6
bxc3 47. Kf7 c2 48. e6 c1=Q 49. e7 Qf4+ 50. Ke8 Qxe4 51. Kf7 c3 0-1

[Event "V4 OPEN - International Championship of Slovakia 2
[Site "Banska Stiavnica"]
[Date "2013.07.10"]
[Round "5"]
[Board "82"]
[White "Hudec, Timotej"]
[Black "Gregusova, Katarina"]
[Result "0-1"]
[WhiteElo "1644"]
[BlackElo "1544"]
[PlyCount "78"]
[EventDate "2013.07.06"]
[EventRounds "9"]
[EventCountry "SVK"]

1. e4 e5 2. Nf3 Nc6 3. Bb5 Nd4 4. Ba4 Bc5 5. c3 Nxf3+ 6. Qxf3 Nf6 7. O-O O-O 8.
d3 h6 9. b4 Bb6 10. Bb2 d6 11. h3 Bd7 12. Bb3 Qe7 13. Re1 Bc6 14. Nd2 Rfe8 15.
a4 a6 16. d4 exd4 17. cxd4 Nh7 18. d5 Bd7 19. a5 Ba7 20. Qc3 Qg5 21. Rad1 Rac8
22. Bc4 Nf6 23. Qf3 Nh5 24. Kh1 Nf4 25. Bc1 Ng6 26. Bb2 Ne5 27. Bxe5 Rxe5 28.
Re2 Rf8 29. Qd3 Qg6 30. Nf3 Rh5 31. Ng1 f5 32. f3 fxe4 33. fxe4 Bg4 34. Qg3 Qg5
35. Qh2 Bxg1 36. Rxg1 Bxe2 37. Bxe2 Rh4 38. g4 Qe3 39. Qg2 Rxh3+ 0-1

[Event "V4 OPEN - International Championship of Slovakia 2
[Site "Banska Stiavnica"]
[Date "2013.07.10"]
[Round "5"]
[Board "83"]
[White "Brnusak, Andrej"]
[Black "Ferkova, Dominika"]
[Result "0-1"]
[WhiteElo "1566"]
[BlackElo "1603"]
[PlyCount "146"]
[EventDate "2013.07.06"]
[EventRounds "9"]
[EventCountry "SVK"]

1. e4 e5 2. Nf3 Nf6 3. Nc3 Nc6 4. Bb5 Bb4 5. O-O O-O 6. d3 d6 7. Bg5 Bxc3 8.
bxc3 Qe7 9. Bxc6 bxc6 10. Rb1 h6 11. Be3 c5 12. Qe2 Ba6 13. c4 Rab8 14. Bd2
Rfc8 15. Rb3 Qd7 16. Bc3 Qa4 17. Re1 Rb6 18. Nh4 Rcb8 19. Reb1 Bc8 20. h3 Bd7
21. Nf3 Qa6 22. Nh2 Ba4 23. R3b2 Rxb2 24. Rxb2 Rxb2 25. Bxb2 Bd7 26. a3 Qb6 27.
Bc1 Qb1 28. Qd2 Ba4 29. Nf3 Qxc2 30. Qxc2 Bxc2 31. Ne1 Bd1 32. Bd2 Kf8 33. Ba5
Ne8 34. Kf1 Ke7 35. g3 Ke6 36. Ng2 c6 37. Ne3 Bf3 38. Bc3 d5 39. exd5+ cxd5 40.
cxd5+ Bxd5 41. Ke2 Nd6 42. Ng4 f6 43. Ne3 Nb5 44. Bb2 Nd4+ 45. Bxd4 exd4 46.
Nd1 Kd6 47. f4 g5 48. fxg5 fxg5 49. Nf2 Ke6 50. Ng4 h5 51. Nh6 Kf6 52. g4 Kg6
53. Nf5 Be6 54. Ne7+ Kf6 55. Nc6 hxg4 56. hxg4 Bxg4+ 57. Kd2 a6 58. Nb8 Bc8 59.
Nc6 Ke6 60. Nd8+ Ke7 61. Nc6+ Kd6 62. Na5 Kc7 63. Nb3 Kb6 64. Nc1 Kb5 65. Nb3
Be6 66. Nc1 Ka4 67. Ne2 Kxa3 68. Ng3 Bd5 69. Nf5 Kb4 70. Ne7 Bb7 71. Nf5 a5 72.
Kc2 a4 73. Kb2 Bc6 0-1